Sports Quiz

Random Sports or NFL Quiz
Score 0/100 Timer 08:00
1 Play Today
Rank Player % Correct
3Tom Brady
98.3%
2Aaron Rodgers
97.3%
1J.J. Watt
96.6%
5Peyton Manning
96.2%
7Andrew Luck
94%
6Calvin Johnson
93.8%
9Marshawn Lynch
92.2%
10Rob Gronkowski
92%
13Julio Jones
90.9%
8Antonio Brown
90.6%
11Richard Sherman
90.2%
22Russell Wilson
90%
15Dez Bryant
89%
30Drew Brees
88%
34Tony Romo
87.6%
29LeSean McCoy
87.6%
21Earl Thomas
86.9%
20Demaryius Thomas
86.5%
28Gerald McCoy
86.5%
25Joe Thomas
86.4%
45Julius Thomas
86.1%
19Patrick Peterson
85.7%
62Adrian Peterson
85%
18Jordy Nelson
84.5%
12Jamaal Charles
83.9%
32Odell Beckham Jr.
83.3%
17Darrelle Revis
82.9%
16Le'Veon Bell
82.9%
43Philip Rivers
82.7%
37A.J. Green
81.9%
26Ben Roethlisberger
81.9%
4DeMarco Murray
81.1%
24Ndamukong Suh
80.4%
54Steve Smith
79.1%
Rank Player % Correct
36Tyron Smith
79%
31Jimmy Graham
79%
35T.Y. Hilton
76.3%
33Von Miller
75.2%
14Luke Kuechly
73.8%
77Matt Ryan
73.7%
73Cam Newton
73%
48Matt Forte
72.2%
51Clay Matthews
70.9%
50DeSean Jackson
70.9%
40Jason Peters
70.6%
52Antonio Gates
70.2%
68Larry Fitzgerald
69.8%
97Joe Flacco
68.2%
23Joe Haden
67%
42Mario Williams
66.8%
47Trent Williams
66.5%
72Kyle Williams
66.4%
41Kam Chancellor
63.8%
60Eddie Lacy
63.2%
57Brandon Marshall
62.8%
100Randall Cobb
62%
27Justin Houston
60.5%
80Arian Foster
60.2%
93Jason Witten
60.2%
84Terrell Suggs
59.6%
89Greg Olsen
56.2%
95Emmanuel Sanders
55.4%
75Mike Evans
55.1%
91Julian Edelman
54.8%
85Golden Tate
54%
39Cameron Wake
52.7%
49Khalil Mack
51.6%
81Darren Sproles
50.6%
Rank Player % Correct
98Adam Vinatieri
49.2%
59Vontae Davis
48.9%
61Jeremy Maclin
48.3%
74Muhammad Wilkerson
45.6%
65Justin Forsett
45.3%
38Brent Grimes
43.4%
92Aaron Donald
42.8%
83Maurkice Pouncey
42.5%
88Glover Quin
42.4%
70Tamba Hali
41.1%
87DeMarcus Ware
40.7%
69Bobby Wagner
38.2%
86Eric Weddle
38.1%
90Michael Bennett
37.8%
44Robert Quinn
36.6%
55Sheldon Richardson
35.2%
64Charles Woodson
35.1%
56Lavonte David
34.3%
53Marcell Dareus
33%
79Marshal Yanda
31.9%
82Haloti Ngata
30.9%
71Julius Peppers
30.4%
99Calais Campbell
29.9%
94C.J. Mosley
28.4%
46Elvis Dumervil
27.5%
78Ryan Kerrigan
25.5%
66DeAndre Levy
24.4%
58Connor Barwin
19.7%
63Jerry Hughes
17.3%
67Tashaun Gipson
17.3%
96Jurrell Casey
16.9%
76Sen'Derrick Marks
13.2%

You're not logged in!

Compare scores with friends on all Sporcle quizzes.
OR
Log In

Sporcle TV

Today on Sporcle TV


Watch our educational content, quiz creation guides, and fun videos on Sporcle TV.

Show Comments

Extras

Top Quizzes Today


Score Distribution

Paid Content

Your Account Isn't Verified!

In order to create a playlist on Sporcle, you need to verify the email address you used during registration. Go to your Sporcle Settings to finish the process.

Report this User

Report this user for behavior that violates our Community Guidelines.

Details: